LEADER 00995nam0-2200349-#-450- 001 990001080230203316 005 20020514134957.0 010 $a85-10-22-001 035 $a000108023 035 $aUSA01000108023 035 $a(ALEPH)000108023USA01 035 $a000108023 100 $a20020514d--------km-y0enga50------ba 101 0 $aeng 102 $aUS 105 $ay|||z|||001yy 200 1 $aRelaxations in complex systems$feditors K.L. Ngai and G.B. Wright 210 $aWashington$cNaval research Laboratory$d[s.d.] 215 $aIX, 345 p.$d28 cm 606 0 $aFluidi$xMeccanica 676 $a530.4275 702 1$angai,$bk.l. 702 1$aWRIGHT,$bG.B. 801 0$aIT$bSalbc$cISBD 912 $a990001080230203316 951 $a530.4275 REL$b13963 TEC$c530.4275$d00070057 959 $aBK 969 $aTEC 979 $aCHIARA$b90$c20020514$lUSA01$h1349 979 $aPATRY$b90$c20040406$lUSA01$h1715 996 $aRelaxations in complex systems$9978829 997 $aUNISA LEADER 01036nam0 22002771i 450 001 RML0239179 005 20231121125706.0 100 $a20121121d1995 ||||0itac50 ba 101 | $aita 102 $ait 181 1$6z01$ai $bxxxe 182 1$6z01$an 200 1 $a˜Le œcose e le parole$fMarco Minghetti$gGiorgio Del Mare 205 $a2a edizione 210 $a[Milano] $cSperling & Kupfer$cBiblioteca Agip $dc1995 215 $a452 p.$cfig., tab.$d21 cm 700 1$aMinghetti$b, Mario$3RMLV152856$01443437 701 1$aDel Mare$b, Giorgio$3RMLV152855$0532365 801 3$aIT$bIT-01$c20121121 850 $aIT-FR0098 899 $aBiblioteca Area Giuridico Economica$bFR0098 912 $aRML0239179 950 0$aBiblioteca Area Giuridico Economica$d 53IMP 28 109$e 53VM 0000081135 VMB A4 barcode:ECO012226. - Inventario:4190. - Fondo:Sala consultazioneVM$fA $h19971209$i20121204 977 $a 53 996 $aCose e le parole$93620533 997 $aUNICAS